Cuadernos de derecho y comercio

Bibliographic Details
Format: Serial
Language:Spanish
Published: Madrid : Dykinson, 2009-
Subjects:
Online Access:http://www.vlex.com/source/6548

MARC

LEADER 00000nas a22000007a 4500
005 20130218184735.0
007 cr|||| ||||
008 130218c20099999sp zn|| s|||| 0|||b spa d
022 |a 15757-4812  
035 |a 6548 
040 |a vLex 
090 |c 3680  |d 3680 
245 0 0 |a Cuadernos de derecho y comercio   |h [Recurso electrn̤ico]  
256 |a Servicio en ln̕ea 
260 |a Madrid :  |b Dykinson,   |c 2009- 
300 |a 1 Recurso electrn̤ico 
650 0 4 |a Derecho mercantil y de la empresa  |v Revistas 
740 |a vLex Revistas (Servicio en ln̕ea) 
856 |a Acceso restringido  |u http://www.vlex.com/source/6548 
942 |c REV 
999 0 |a Commercial law